Central Library OPAC University of Rajshahi

A text-book of macro and semimicro qualitative inorganic analysis / (Record no. 21053)

MARC details
000 -LEADER
fixed length control field 00769cam a2200253u 4500
001 - CONTROL NUMBER
control field 21053
003 - CONTROL NUMBER IDENTIFIER
rucl marc code BD-RjUL
005 - DATE AND TIME OF LATEST TRANSACTION
control field 20211209000637.0
008 - FIXED-LENGTH DATA ELEMENTS--GENERAL INFORMATION
fixed length control field 140303r19651954enka 001 0 eng
035 ## - SYSTEM CONTROL NUMBER
System control number (BD-RjUL)21116
040 ## - CATALOGING SOURCE
Original cataloging agency DLC
Transcribing agency CarP
Modifying agency DLC
-- BD-RjUL
Language of cataloging eng
041 ## - LANGUAGE CODE
Language code of text/sound track or separate title eng
082 ## - DEWEY DECIMAL CLASSIFICATION NUMBER
Edition number 20
Classification number 542
Author mark and year VOT 1965
100 1# - MAIN ENTRY--PERSONAL NAME
Personal name Vogel, Arthur I.
Fuller form of name (Israel)
9 (RLIN) 65062
245 02 - TITLE STATEMENT
Title A text-book of macro and semimicro qualitative inorganic analysis /
Statement of responsibility, etc. Arthur I. Vogel.
250 ## - EDITION STATEMENT
Edition statement 4th ed.
260 ## - PUBLICATION, DISTRIBUTION, ETC. (IMPRINT)
Place of publication, distribution, etc. London ;
-- New York :
Name of publisher, distributor, etc. Longmans,
Date of publication, distribution, etc. 1965.
300 ## - PHYSICAL DESCRIPTION
Pagination xv, 663 p. :
Illustrations ill. ;
Size 23 cm.
504 ## - BIBLIOGRAPHY, ETC. NOTE
Bibliography, etc Includes index.
650 #0 - SUBJECT ADDED ENTRY--TOPICAL TERM
Topical term or geographic name as entry element Chemistry, Analytic
General subdivision Qualitative.
9 (RLIN) 65063
Topical term or geographic name as entry element Chemistry, Inorganic.
9 (RLIN) 65064
942 ## - ADDED ENTRY ELEMENTS (KOHA)
Source of classification or shelving scheme Dewey Decimal Classification
Koha item type Books
Holdings
Lost status Source of classification or shelving scheme Damaged status Not for loan Collection code Permanent Location Current Location Shelving location Date acquired Source of acquisition Cost, normal purchase price Total Checkouts Full call number Date last seen Date checked out Copy number Koha item type
  Dewey Decimal Classification     Non-fiction Central Library, University of Rajshahi Central Library, University of Rajshahi   20/11/1968 Zetlinger 35.00 1 542 VOT 1965 04/09/2016 13/08/2016 C-3 Books
  Dewey Decimal Classification   Not For Loan Non-fiction Central Library, University of Rajshahi Central Library, University of Rajshahi   24/10/1957 Publishers. ltd. 20.50   542 VOT 1965 10/04/2017   C-1 Books
  Dewey Decimal Classification     Non-fiction Central Library, University of Rajshahi Central Library, University of Rajshahi   20/11/1968 Zeitlinger 35.00   542 VOT 1965 16/04/2017   C-2 Books
  Dewey Decimal Classification     Non-fiction Central Library, University of Rajshahi Central Library, University of Rajshahi   20/11/1968 Zetlinger 35.00   542 VOT 1965 13/05/2017   C-5 Books
  Dewey Decimal Classification     Non-fiction Central Library, University of Rajshahi Central Library, University of Rajshahi   20/05/1959 B.H. Black Well ltd. 1.15   542 VOT 1957 16/05/2017   C-4 Books
  Dewey Decimal Classification     Non-fiction Central Library, University of Rajshahi Central Library, University of Rajshahi   15/03/1963 Zeitlinger 27.60   542 VOT 1960 16/05/2017   C-6 Books
  Dewey Decimal Classification     Non-fiction Central Library, University of Rajshahi Central Library, University of Rajshahi   20/11/1968 Zetlinger 35.00   542 VOT 1965 16/05/2017   C-9 Books
  Dewey Decimal Classification     Non-fiction Central Library, University of Rajshahi Central Library, University of Rajshahi   20/11/1968 Zetlinger 35.00   542 VOT 1965 16/05/2017   C-10 Books
  Dewey Decimal Classification     Non-fiction Central Library, University of Rajshahi Central Library, University of Rajshahi   20/11/1968 Zetlinger 35.00   542 VOT 1965 16/05/2017   C-8 Books
  Dewey Decimal Classification     Non-fiction Central Library, University of Rajshahi Central Library, University of Rajshahi   20/11/1968 Zetlinger 35.00   542 VOT 1965 16/05/2017   C-7 Books
  Dewey Decimal Classification     Non-fiction Central Library, University of Rajshahi Central Library, University of Rajshahi   26/01/1963 Zeitlinger 27.60   542 VOT 1965 13/12/2020   C-11 Books